000 01020nam0a2200277 4500
001 RU\NLR\bibl\381674
005 20260406064818.0
010 _a5-94278-347-0
_94000
021 _aRU
_b2003-11320
_9520
035 _a(NLR Aleph) 000376078
090 _a425939
_c425939
100 _a20030327d2002 |||y0rusy50 ca
101 1 _arus
_cjpn
102 _aRU
105 _ay |||||||||
200 1 _aЯщерица
_eРассказы
_fБанана Ёсимото
_g[Пер. с яп. Elena Baibikov]
210 _aСПб.
_cАмфора
_d2002
215 _a170,[2] с.
_d21
327 1 _aСодерж.: Молодожен; Ящерица; Спираль; Сны о корейской капусте; Кровь и вода; Баллада о большой реке
686 _aШ6(5Я)67-440.4{Лх2318}
700 1 _4070
_8rus
_7ca
_aЕсимото
_bБ.
_f1964-
_gБанана
_3RU\NLR\auth\7714515
_9124187
801 0 _aRU
_bNLR
_c20030327
_gPSBO
801 1 _aRU
_bNLR
_c20030327
942 _cBOOK
980 _aNB